[Event "ROM-chT"]
[Site "Baile Tusnad"]
[Date "1997.??.??"]
[Round "?"]
[White "Foisor, Ovidiu Doru"]
[Black "Marin, Mihail"]
[Result "0-1"]
[WhiteElo "2440"]
[BlackElo "2545"]
[Annotator "Marin,M"]
[PlyCount "72"]
[EventDate "1997.??.??"]
[EventType "team"]
[EventRounds "5"]
[EventCountry "ROU"]
[SourceTitle "EXT 1999"]
[Source "ChessBase"]
[SourceDate "1998.11.16"]
[SourceVersion "1"]
[SourceVersionDate "1998.11.16"]
[SourceQuality "1"]

1. c4 b6 2. b3 Bb7 3. Bb2 e6 4. e3 f5 5. Nf3 Nf6 6. g3 (6. Nc3 g6 7. g3 Bg7 8.
Bg2 O-O 9. O-O d6 10. d4 Qe7) 6... g5 $5 7. Bg2 Bg7 (7... g4 $6 8. Nh4 Bxg2 9.
Nxg2 Bg7 10. h3 $36 {<->h}) 8. O-O g4 9. Nh4 Bxg2 10. Kxg2 Nc6 11. f3 Qe7 12.
Nc3 (12. fxg4 $2 Nxg4 13. Bxg7 Qxg7 14. Nc3 Qxc3 $1 15. Qxg4 $140 $2 Qxd2+)
12... O-O (12... Ne5 13. Nb5 d6 14. Bxe5 dxe5 15. fxg4 Nxg4 16. e4 $1 $36) 13.
Qe2 (13. d4 Kh8 (13... Rf7) (13... Nd8 $5)) 13... Ne5 $1 14. d4 Ng6 (14...
gxf3+ 15. Nxf3 Ng6 16. Ne1 Rf7 17. Nd3 Kh8 {/\Rg8|^}) 15. Nxg6 hxg6 16. e4 Rae8
$6 (16... gxf3+ $142 17. Rxf3 Nh7 $13) 17. f4 $1 (17. e5 gxf3+ 18. Qxf3 Nh7 19.
Nb5 d6 $132) 17... fxe4 (17... d5 18. e5 (18. cxd5 $2 Nxe4 $1 $17) 18... Ne4
19. cxd5 Nxc3 20. Bxc3 exd5 $11) 18. Nxe4 Nxe4 19. Qxe4 g5 $5 (19... Rf5 20.
Qe2 $1) (19... Qf7 20. Qb7 $1) 20. Rae1 $1 Rf5 21. fxg5 (21. Qxf5 exf5 22. Rxe7
Rxe7 23. fxg5 Re2+ 24. Rf2 Rxf2+ 25. Kxf2 Kf7 26. Ke3 Kg6 27. Kf4 c5 $11) 21...
Rxf1 22. Rxf1 Qxg5 23. Rf4 $6 $138 (23. Bc1 $1 Qh5 24. Rf4 $14) 23... Rf8 $1
24. Bc1 (24. Rxg4 $4 Qd2+ $19) 24... Rxf4 25. Bxf4 Qa5 $1 $15 26. Qe2 (26. a4
Qc3) 26... Qf5 27. d5 $6 (27. Bxc7 $142 Bxd4 28. h3 gxh3+ 29. Kh2 $15 {Foisor,O
}) 27... exd5 (27... e5 $5 {/\Bg7-f8-c5, Foisor,O}) 28. Bxc7 dxc4 (28... d4
$142 $5 29. h3 gxh3+ 30. Kh2 d3 $19) 29. bxc4 d5 30. Bf4 d4 31. h3 $8 {(עg2)}
gxh3+ 32. Kh2 d3 33. Qe7 Bf8 34. Qd8 Kf7 35. a4 Be7 36. Qd4 Bb4 $138 (36... Bb4
37. Qd8 d2 38. Qd4 Qe6 39. Qd3 Qc6 $1 $19 {(/\Qg2#)} 40. Qh7+ (40. Kxh3 Qh1+
41. Kg4 d1=Q+) 40... Ke8 41. Qg8+ Kd7 42. Qf7+ Kc8 43. Qf5+ Kb7 $19) 0-1

[Event "Gibraltar Masters 15th"]
[Site "Caleta"]
[Date "2017.01.26"]
[Round "3"]
[White "Adams, Michael"]
[Black "Deac, Bogdan Daniel"]
[Result "1-0"]
[WhiteElo "2751"]
[BlackElo "2572"]
[Annotator "Marin,M"]
[PlyCount "137"]
[EventDate "2017.01.24"]
[EventType "swiss"]
[EventRounds "10"]
[EventCountry "GGB"]
[SourceTitle "CBM 177"]
[Source "ChessBase"]
[SourceDate "2017.03.16"]
[SourceVersion "1"]
[SourceVersionDate "2017.03.16"]
[SourceQuality "1"]

1. c4 e6 2. g3 d5 3. Bg2 Nf6 4. Nf3 dxc4 5. Qa4+ Bd7 6. Qxc4 c5 7. Ne5 Qc8 {
Just as in the game against Topalov in the same tournament, Romania's youngest
GM follows the latest theoretical trend. Black gives up the bishop pair but
causes White some delay in development. Besides, he manages to develop his
knight to c6, thus reaching a reversed Maroczy type of position, where White
does not find it easy taking over the initiative, no matter how strong his
g2-bishop looks.} 8. d3 {White cannot do without this move for too long but
Adams connected it with a relatively rare plan.} (8. b3 {Diermair,A (2488)
-Wagner,D (2572) Zalakaros 2015 CBM 167 [Wagner,D] (0-1, 50)}) ({Most games
reach the position after} 8. O-O Nc6 9. Nxd7 Qxd7 10. Nc3 Rc8 11. d3 Be7 {
when there is a major split.} 12. Qa4 {is safer, although it is not obvious
how White could get at least a symbolic advantage.} (12. a4 {is a typical
Maroczy move, but it seems to me that White should keep the a4-square for his
queen.} b6 (12... O-O 13. a5 h6 14. Nb5 Nd5 15. Qa4 Rfd8 16. Bd2 Bf6 17. Rfb1 {
The start of a contorted regrouping eventually resulting in material loss.} Qe7
18. Ra3 Ndb4 19. Rb3 a6 20. Nc3 c4 $17 {Marin,M (2579)-Schroeder,J (2461)
Helsingor 2015 (0-1, 57)}) 13. Be3 O-O 14. Rac1 Rfd8 15. Rfe1 Nd5 16. Nxd5 exd5
17. Qb5 Qe6 {Black is perfectly regrouped and has a space advantage. White's
bishops' pressure is sterile and the only possible pawn break will make things
worse:} 18. d4 $6 c4 19. b3 Nb4 $1 $17 {[%csl Gb5][%cal Ga7a6,Gc4b3] Tari,A 
(2584)-Grandelius,N (2642) Wijk aan Zee 2017 (½-½, 88)}) 12... O-O 13. Be3 (
13. Rd1 Rfd8 14. Bd2 b6 15. a3 Nd4 16. Qxd7 Rxd7 17. Rab1 Nb3 18. Be1 Ng4 19.
h3 Ne5 20. Kf1 Nc6 21. f4 Nca5 {Kamsky,G (2648)-Niemi,K (2337) Novi Sad 2016 
(1-0, 48) At this point Black does not have any problems.}) 13... Rfd8 14. Rfc1
{The start of the most typical regrouping.} (14. Rac1 b6 15. Rfd1 {fails to
prepare d3-d4 under favourable circumstances:} h6 16. h3 Ne8 17. Nb5 Bf6 18. b3
Nd6 19. Nxd6 Qxd6 20. Bxc6 Qxc6 21. Qg4 Kf8 22. Rc4 Qd5 {Nakamura,H (2814)
-Eljanov,P (2717) Baku 2015 (½-½, 43)}) 14... b6 15. Rab1 h6 16. a3 {The
start of a typical Maroczy/Hedgehog plan, based on b2-b4.} Nd4 (16... a5 $6 {
more or less loses the b6-pawn:} 17. Qb5 Qc7 18. Na4) 17. Qxd7 Rxd7 18. b3 ({
Preventing ...Nb3 and avoiding} 18. b4 $2 cxb4 19. axb4 Rxc3) 18... g5 19. Bd2
Kg7 20. Kf1 {White plays in the true Hedgehog spirit. White is not in a hurry,
he slowly prepares his queenside break.} g4 21. Nd1 b5 22. Ne3 h5 {Black's
kingside attack only weakens his pawns while White has regrouped very
accurately. But now he starts missing some good opportunities to start the
queenside attack.} 23. Bc3 (23. a4 a6 24. axb5 axb5 25. Nc2 Nc6 26. Ra1 $14)
23... Kg6 24. Ba1 (24. a4 a6 25. axb5 axb5 26. Bxd4 Rxd4 27. b4 $16 {[%csl Gb5]
}) 24... Ne8 25. b4 (25. a4 $14) 25... Rdc7 26. Ke1 Bf6 27. bxc5 Rxc5 28. Rxc5
Rxc5 29. Kd1 Nd6 $11 {Nisipeanu,L (2687)-Dragnev,V (2438) Austria 2016 (½-½,
77)}) (8. Qd3 $5 {is an interesting attempt to prevent Black's desired
regrouping.} Nc6 9. Nxd7 Nxd7 ({Actually it is not entirely clear that} 9...
Qxd7 10. Qxd7+ Kxd7 {would be bad for Black:} 11. d3 Be7 12. Nc3 Rac8 13. Bd2
Rhd8 {[%cal Gd7e8]}) 10. Qb5 Nde5 11. f4 a6 12. Qa4 Nd7 $6 {This offers White
a stable advantage for free.} ({The apparently risky} 12... b5 {was better:}
13. Qe4 f5 14. Qe3 Nc4 15. Qf2 {even though Black's position is somewhat
over-expanded.} {If} Nb4 16. b3 Nb6 17. Na3 {[%cal Gc1b2] keeps things under
control for Black.}) 13. Bxc6 bxc6 14. Na3 $14 {Grischuk,A (2737)-Wojtaszek,R 
(2749) Doha 2016 (1-0, 72)}) 8... Nc6 9. Nxd7 Qxd7 10. Nd2 {This is where
Adams deviates from the usual paths. In many of the games above the knight
lacked mobility on c3, so he seaches for new horizons.} Rc8 11. Nf3 Be7 12. Bd2
{Since the knight controls d4, there is no need to develop the bishop on e3.
Moreover, the e1-a5 diagonal is clear, facilitating a later b2-b4.} O-O 13. O-O
Rfd8 14. Rfc1 {Once again this looks like the most natural regrouping.} (14.
Rfd1 Nd5 15. a3 Bf6 16. Rab1 Nd4 {This is a bit premature.} ({A neutral move
such as} 16... b6 {as in the game below was preferable.}) 17. Nxd4 Bxd4 18. Qa2
Qa4 19. Bg5 Rd7 20. Qc4 Nb6 21. Qa2 Nd5 22. Rdc1 {As mentioned above, this is
the right square for the rook.} h6 23. Bd2 Rcc7 {Laznicka,V (2651)-Delchev,A 
(2591) Monzon 2016 (½-½, 33)} 24. Rc4 Qa6 25. Rbc1 b5 26. R4c2 Qb6 27. e3 Bf6
28. a4 $14) 14... Nd5 15. a3 a6 $146 {This may be a novelty produced under the
influence of the engines, which slightly favour it with respect to a series of
other reasonable moves. But Black doesn't achieve anything positive, while the
queenside weaknesses will cause him long term problems.} (15... Bf6 16. Rab1 b6
17. Qa4 a5 18. h4 Rc7 19. e4 $6 {The start of an uninspired plan.} (19. Bg5 $5)
(19. Bc3 Rb7 20. Qb5 Rbb8 21. Nd2) 19... Nde7 20. Bf4 Rb7 21. b4 $6 axb4 22.
axb4 cxb4 23. Qa6 Bc3 $15 {0-1 (44) Chatalbashev,B (2545)-Gretarsson,H (2550)
Cardiff 2016}) 16. a4 Bf6 17. Rab1 Ncb4 18. a5 {Black is under no immediate
pressure yet, but in case of simplifications or opening of the centre the
queenside weaknesses may be decisive. Deac must have understood this when
playing his next move:} b5 {In fact this only aggravates Black's strategic
problems.} 19. axb6 Nxb6 20. Qe4 Qb5 {Despite his chronic weaknesses Black is
perfectly regrouped. If he manages to play ...c5-c4 his problems will be over.}
21. Bg5 {A bit premature.} (21. h4 $5 N4d5 (21... h6 $6 22. g4 $40) 22. b3 $16
{[%csl Gc4][%cal Gg3g4]}) (21. Bc3 $5 N4d5 22. Ra1 c4 23. d4 $14) 21... N4d5
22. Bxf6 {This allows Black to gain time for carrying out the pawn break but
there was no effective way of keeping the tension.} (22. h4 h6 23. Bxf6 Nxf6
24. Qe3 c4 $11) (22. b3 {[%csl Gc4]} Nc3 23. Rxc3 Bxc3 24. Bxd8 Rxd8 25. Ng5 h6
$1 (25... g6 26. Qh4 h5 27. Ne4 $18 {[%csl Gc3,Gd8]}) 26. Qh7+ Kf8 27. Ne4 Be5
$11 {White's attack has only spoiled his coordination without really causing
Black any trouble.}) 22... Nxf6 23. Qe3 ({Moving with the queen out of the
knight's range looks better:} 23. Qh4 c4 24. d4 {[%cal Ge2e3,Gg2f1]} Nbd5 25.
Ne5 {with some chances to retain the pressure.}) 23... Nfd5 (23... c4 $5 24. d4
Nbd5 25. Qd2 Nb4 {offers Black adequate counterplay based on his perfect
coordination.}) 24. Qe4 Nf6 25. Qe5 {Avoiding the repetition but allowing
drawish simplifications.} c4 26. Qxb5 axb5 27. Ne5 Nfd5 28. dxc4 bxc4 {There
is not too much play left. White's position is symbolically better but it is
hard to imagine any other result than a draw by mutual boredom.} 29. Bf1 f6 30.
Nf3 Nb4 31. e3 e5 32. Rc3 Kf8 33. Ra1 N4d5 34. Rc2 $5 {A tricky move,
preparing for Black's blunder.} (34. Rca3 c3 $11 35. e4 $2 cxb2 $19) 34... c3
$2 {Finally, the young GM's nerves crack under the pressure.} (34... Nb4 35.
Rcc1 Nd3 36. Rc2 Nb4 $11) 35. e4 Ne7 ({The point is that the b2-pawn is
defended:} 35... cxb2 36. Rxb2 $18) 36. Rxc3 $16 {White has won a pawn and the
black king is vulnerable. With good technique White should win.} Rb8 37. b3
Nec8 38. Ra2 Rb7 39. Nd2 Na7 40. Ba6 Rbd7 41. Nf1 Rd6 42. Ne3 Nc6 43. Bf1 Nd4
44. Ra6 Rb8 45. Kg2 Rd7 46. b4 Rdb7 47. b5 Nc8 48. Nd5 {Black has regrouped
for the sake of retrieving the pawn but in the final phase the seventh rank
weakness decides.} Nxb5 $6 {Actually this simplifies White's task.} (48... Ne7
49. Nc7 Nc8 50. f4 $16) 49. Bxb5 Rxb5 50. Rc7 h5 ({Black cannot defend his
seventh rank:} 50... R5b7 51. Rxb7 Rxb7 52. Ra8 $18) 51. Rd7 Nb6 52. Nxb6 R5xb6
53. Raa7 $18 g5 54. Rh7 Kg8 55. Rag7+ Kf8 56. Rc7 Kg8 57. Rcg7+ Kf8 58. Rg6 Re8
59. Rxh5 Rbe6 60. Kf3 {[%cal Gf3g4,Gg4f5] With one rook each the position
would still be drawn, but with four rooks White maintains his attack.} Kf7 61.
Rgh6 Rb6 62. Kg4 Rb2 63. f3 Rb3 64. Rh7+ Ke6 (64... Kg6 $2 65. R5h6#) 65. Ra7
Rd8 66. Rh6 {[%cal Ga7a6]} Rd6 ({Passive play does not help:} 66... Rb6 67.
Rhh7 Re8 68. Rhg7 Rc6 69. h4 gxh4 70. gxh4 $18 {[%cal Gh4h7]}) 67. Rhh7 Rd4 68.
Rhe7+ Kd6 69. Rf7 (69. Rf7 Ke6 70. Rae7+ Kd6 71. Re8 $18 {[%csl Gf6]}) 1-0

[Event "Reggio Emilia-A 51st"]
[Site "Reggio Emilia"]
[Date "2008.12.29"]
[Round "3"]
[White "Marin, Mihail"]
[Black "Landa, Konstantin"]
[Result "0-1"]
[WhiteElo "2556"]
[BlackElo "2613"]
[Annotator "Marin,M"]
[PlyCount "60"]
[EventDate "2008.12.27"]
[EventType "tourn"]
[EventRounds "9"]
[EventCountry "ITA"]
[EventCategory "14"]
[SourceTitle "CBM 128"]
[Source "ChessBase"]
[SourceDate "2009.01.28"]
[SourceVersion "1"]
[SourceVersionDate "2009.01.28"]
[SourceQuality "1"]

1. c4 e6 2. g3 Nf6 3. Bg2 d5 4. Nf3 dxc4 5. Na3 $5 {This ambitious move
threatens to retrieve the pawn without exposing the queen too early (as
happens after Qa4+ followed by Qxc4) and practically forces Black to give up
the dark-squared bishop, when play becomes very sharp. About half a century
ago, Smyslov tried this line in a few games against strong opponents.} Bxa3 6.
bxa3 {White has at least sufficient compensation for the pawn, but his
queenside structure has been hopelessly spoiled. This latter detail
complicates matters. Personally, I find Black's position dangerous, but in
practice this is not easy to prove, the present game being a good example of
it.} b5 {According to some old books, this is one of Black's most reliable
answers.} ({When preparing for the game, I had noticed that my opponent had
previously played this risky move in a slightly different form:} 6... O-O 7.
Qc2 b5 8. Ng5 c6 9. Bb2 Re8 10. O-O $44 {White has a huge advance in
developmentand some concrete threats against the enemy king. His compensation
is obvious.} e5 {[%cal Gc8g4,Rb2f6,Ge8e5] is the only chance for survival.} ({
Landa had played} 10... h6 $6 {, following a classical game for many moves.}
11. Bxf6 Qxf6 12. Qh7+ Kf8 13. Ne4 Qg6 14. Qxg6 fxg6 15. Nd6 Rd8 16. Nxb5 a6
17. Nc3 Rxd2 {Black retains the extra pawn, but his development is a complete
disaster.} 18. Ne4 (18. Rfd1 $6 {makes Black's defence easier after} Rxd1+ 19.
Rxd1 Ke7 {Jacobsen,B (2323)-Landa,K (2615)/Helsingor 2008/CBM 125 Extra/ (0-1,
38)}) 18... Rxe2 19. Nd6 Bd7 20. Nxc4 (20. Rfc1 $5 $16) 20... Rc2 21. Ne5 (21.
Nb6 Ra7 22. Rfb1 Be8 23. Nc8 Ra8 {is not especially thrilling for Black,
either, Varga,Z (2533)-Gyimesi,Z (2567)/Heviz 2003/CBM 096 (1/2, 57)}) 21...
Be8 22. Rfd1 Rc5 23. f4 Ke7 24. a4 {[%csl Rb5]} Nd7 {Black cannot delay his
development eternally.} (24... a5 25. Rab1 $16) 25. Nxc6+ Kf6 26. Nb4 $36 {
White has restored the material equality and retains active play, Smyslov,
V-Kholmov,R/Baku 1961/URS-ch (1-0, 43)}) 11. f4 Nbd7 12. fxe5 Rxe5 $1 {It is
essential to keep the f6-knight defended by his colleague for as long as
possible.} (12... Nxe5 13. Rxf6 $1 Qxf6 14. Qxh7+ Kf8 {and now, in the game
Nikcevic,N (2480)-Marciano,D (2525)/Bastia 1998/CBM 067 ext (0-1, 36), White
missed the opportunity to carry out the combination} 15. Nxf7 $1 {, leading to
a powerful attack, for instance} Bf5 16. Nxe5 Bxh7 17. Nd7+ Kf7 18. Nxf6 gxf6
19. Bxc6 Rac8 20. Bxe8+ Rxe8 21. Kf2 $16) 13. Bxe5 (13. Rxf6 $5 Rxg5 14. Rf4
$44) 13... Nxe5 14. Rxf6 $5 {Otherwise, Black would have sufficient
compensation for the sacrificed exchange.} Qxf6 15. Qxh7+ Kf8 16. Qh4 Nf3+ 17.
Bxf3 Qxa1+ 18. Kg2 {/\Qf4} Qe5 19. Qh5 $44 {During the morning preparation, I
reached this position, concluding that White has the initiative, but Black can
resist still.}) 7. Ne5 $5 $146 {This is the only way to question the viability
of Black's (to my mind) over-optimistic move. Curiously, the knight move has
never been played before.} (7. a4 a6 {leaves White struggling, because there
is no way to prevent the development of the black bishop to b7, completely
neutralizing the g2-bishop.} 8. O-O (8. Rb1 Bb7 9. axb5 Be4 10. d3 cxd3 11.
exd3 Qxd3 12. Qxd3 Bxd3 13. Rb3 Bxb5 $15 {Smyslov,V (2580)-Sveshnikov,E (2510)/
Moscow 1976/URS-ch (1/2, 65)}) 8... Bb7 9. axb5 axb5 10. a4 Bd5 11. Bb2 bxa4
12. Rxa4 Nbd7 $11 {White's compensation suffices for holding a draw, but not
more than that, Stefansson,H (2395)-Polugaevsky,L (2575)/Reykjavik 1988/TD (1/
2, 51)}) 7... Nd5 {The most conservative move, but moving again with the only
developed piece is in slight contradiction with the rules of development.
Black had two ways of sacrificing material in order to take over the
initiative.} (7... Qd4 $5 8. Rb1 Qxe5 9. Bxa8 c6 {/\ץa8}) (7... c6 $5 8. Nxc6
Nxc6 9. Bxc6+ Bd7 10. Bxa8 Qxa8 11. O-O h5 $132) 8. d3 $5 {Opening lines and
diagonals for the pieces and aiming to question Black's advantage of space on
the queenside.} Qf6 {Another move that contradicts everything I had been
taught during my childhood.} (8... Nd7 9. Nxf7 $5 Kxf7 10. dxc4 N5b6 (10...
bxc4 11. Bxd5 $16) 11. Bxa8 Nxa8 12. cxb5 $44) (8... cxd3 9. Qxd3 $14 a6 $2 10.
e4 $18 {[%csl Rf7]}) 9. d4 $5 {I did not hesitate too much to "lose a tempo",
since I relied on the fact that the queen is badly placed on f6. After having
analyzed the game, I am not so sure anymore whether this is the best
continuation.} (9. Bf4 {is a worthy alternative, for instance} Nxf4 10. gxf4
Qxf4 11. Nxc4 (11. Bxa8 Qxe5 12. dxc4 bxc4 13. Rc1 Ba6 $44) 11... c6 12. Na5
O-O 13. Rc1 $44) ({After the game, Landa asked me why did I refrain from} 9. f4
{, leading to a forced draw. I had no less than 3 reasons for that. 1) I do
not like the move itself, 2) I did not see a forced draw after it and 3) I do
not believe White should play for a draw. Well, all my reasons may be of a
subjective nature, of course.}) 9... Nd7 (9... c5 $5) 10. O-O $1 (10. e4 Nxe5
11. dxe5 Qxe5 {leaves the e4-pawn pinned.}) 10... O-O $1 (10... Nxe5 11. dxe5
Qxe5 12. Bf4 Qf6 (12... Qh5 13. Bf3 Qg6 14. Bxd5 {transposes.}) 13. Bxd5 exd5
14. Qxd5 c6 15. Qc5 $44 {עe8 Black's king is in big danger.}) 11. e4 N5b6 ({
Black has not sufficient development to embark on forced variations with
exchange of pieces.} 11... Nxe5 12. dxe5 Qxe5 13. exd5 Qxa1 14. d6 Rb8 (14...
c6 15. Bxc6 Rb8 16. d7 Ba6 17. Qd6 $44) 15. d7 (15. dxc7 Rb6 16. Qd8 $44) 15...
Ba6 16. Bf4 Qxd1 17. Rxd1 {[%cal Gf4c7,Gg2c6]} b4 $8 {[%cal Ga6b5]} 18. Bxc7
Rbd8 19. axb4 Bb5 20. Bxd8 Rxd8 21. Bf1 $14 {[%csl Ga2,Gb4]}) 12. f4 (12. Nc6
e5 $1) (12. Nxd7 Bxd7 13. e5 Qg6 14. Bxa8 Rxa8 $15) 12... Qe7 $1 {/\Bb7. Black
plays with a clear plan, but his queen has moved twice already, at a moment
when his development is incomplete yet.} (12... Bb7 $2 13. Nxd7 Nxd7 14. e5 $18
) (12... Nxe5 $6 13. fxe5 Qd8 (13... Qe7 14. Qh5 {[%cal Gc1g5,Gg5f6] /\Bg5-f6
->}) (13... Qg6 14. Rf4 $40) 14. Be3 Bb7 15. Qh5 $36) 13. Nc6 Qe8 {A first
critical position of the game. Black's position looks a bit awkward, but White
does not have a stable domination yet and... is a pawn down still.} 14. a4 $5 (
14. f5 $5 e5 (14... exf5 15. exf5 $1 Nf6 16. Re1 Qd7 17. Ne7+ Kh8 18. Bxa8 Nxa8
19. Bg5 Nd5 20. Nxd5 Qxd5 21. Re5 Qc6 22. f6 $40 Bb7 $140 $2 23. fxg7+ Kxg7 24.
d5 $18) 15. f6 Nxf6 16. Nxe5 Bb7 $2 (16... Nfd7 $142 17. Ng4 $44) 17. Rxf6 gxf6
18. Qg4+ Kh8 19. Bh6 Rg8 20. Qh4 Qe7 (20... Qe6 21. Bh3 Qe7 22. Bf5 $18) 21.
Rf1 $40) (14. Bd2 $5 {[%cal Gd2b4]}) 14... Nxa4 15. Ba3 a5 $6 ({Landa should
not have refrained from his initial intention:} 15... Ndc5 $1 16. Ne5 (16. dxc5
$2 Qxc6 17. e5 Qa6 18. Bxa8 Nc3 $19 {Landa}) (16. Na5 Nd3 17. Bxf8 Kxf8 $1)
16... f6 17. Nxc4 bxc4 18. dxc5 Bb7 19. c6 Qxc6 20. Bxf8 Rxf8 $44) 16. Bxf8 $2
{Somehow, I got very confused here.} (16. e5 $1 {would have faced Black with
big problems.} Ra6 (16... b4 17. Qxa4 Nb6 18. Qb5 bxa3 19. Qc5 Kh8 {Landa} 20.
Nxa5 Ra7 21. Rfc1 Ba6 22. Rc3 $16) 17. Ne7+ Kh8 18. Nxc8 Qxc8 (18... Nc3 $2 19.
Qc2 b4 20. Bb7 $18) 19. Bxf8 Nxf8 20. Qc2 $40 {/\Rad1, f5}) 16... Nxf8 $15 {
Black is out of any danger now. Just after having captured on f8, I saw the
idea of 16.e5!, became nervous and played the move in the least advisable
moment!} 17. e5 $4 (17. Ne5 $5) (17. d5 $5) 17... Ra6 $19 {The rest is agony.}
18. d5 Nc3 19. Qg4 Nxd5 20. Bxd5 exd5 21. Ne7+ Qxe7 22. Qxc8 Qc5+ 23. Rf2 Re6
24. Re1 d4 25. Qd8 d3 26. Kg2 Qc6+ 27. Kg1 Qd7 28. Qa8 d2 29. Rd1 c3 30. Qe4
Rc6 0-1